000 01623nam a2200301 4500
003 EC-UNACH
005 20251016114013.0
006 s||||gr|||| 00| 00
008 150116t9999 mx r gr 000 0 spa d
020 _a970-170-405-3
040 _aEC-UNACH
_cEC-UNACH
041 _aspa
082 0 4 _223
_a657.453
_bL007617
110 _aPearson Educación
245 _aAuditoría en sistemas computacionales
250 _aPrimera edición
264 _aMéxico
_bEcoCiencia
_c2002
300 _a816 páginas
_bFiguras
505 _a1. Conceptos generales. -- 2. Elementos fundamentales en el Estudio de la auditoria. -- 3. Normas ético-morales que regulan la actuación del auditor. -- 4. Control interno. -- 5. Control interno informático. -- 6. Metodología para realizar auditorías de sistemas computacionales. -- 7. Papeles de trabajo para la auditoria de sistemas computacionales. -- 8. Informes de auditoría de sistemas computacionales. -- 9. Instrumentos de recopilación de información aplicables en una auditora̕ de sistemas computacionales. -- 10. Técnicas de evaluación aplicables en una auditoria de sistemas computacionales. -- 11. Técnicas especiales de auditoría de sistemas computacionales. -- 12. Propuesta de puntos que se deben evaluar en una auditoría de sistemas computacionales.
650 _aINFORMES DE AUDITORÍA
650 _aACTA TESTIMONIAL
650 _aDIAGRAMACIÓN DE SISTEMAS
700 _aMuñoz Razo, Carlos
942 _c1
_2ddc
999 _c14014